000 00316nam a2200133Ia 4500
008 150201s2009 xx 000 0 und d
082 _a616.01
_bM09P
100 _aPANDA,UN
245 _aHB OF MICROBIOLOGY & PARASITOLOGY
250 _a1ST
260 _bAITBS
_aDELHI
_c2009
650 _aMICROBIOLOGY
942 _2ddc
_cBK
999 _c733
_d733